| 000 | 00651nam a22001817a 4500 | ||
|---|---|---|---|
| 003 | OSt | ||
| 005 | 20251106054903.0 | ||
| 008 | 251106b |||||||| |||| 00| 0 eng d | ||
| 020 | _a0-8245-0971-4 | ||
| 040 |
_aDWCL-Main lib _cOC |
||
| 082 | _aCirc. 241.19 C156 1988 | ||
| 100 | _aCallahan, S. | ||
| 245 |
_aWith all our heart & mind : _bthe spiritual works of mercy in a psychological age _cCallahan, Sydney |
||
| 260 |
_aNew York : _bCrossroad Publishing Company, _c c1988 |
||
| 300 |
_a200 pages : _c 21 cm. |
||
| 650 | _2Spiritual life-catholic church | ||
| 942 |
_2ddc _cBK-CIRC _hCirc. 241.19 C156 1988 _kCirc. _n0 |
||
| 999 |
_c5581 _d5581 |
||